| 000 -LEADER |
| fixed length control field |
00386cam a22001217a 4500 |
| 008 - FIXED-LENGTH DATA ELEMENTS--GENERAL INFORMATION |
| fixed length control field |
180718b1936 xxu||||| |||| 00| 0 eng d |
| 082 ## - DEWEY DECIMAL CLASSIFICATION NUMBER |
| Classification number |
T16 W197 |
| 100 ## - MAIN ENTRY--PERSONAL NAME |
| Personal name |
Warbasse, James Peter |
| 245 ## - TITLE STATEMENT |
| Title |
Co-operative democracy : through voluntary association of the people as consumers |
| Statement of responsibility, etc. |
by James Peter Warbasse |
| 260 ## - PUBLICATION, DISTRIBUTION, ETC. |
| Place of publication, distribution, etc. |
New York |
| Name of publisher, distributor, etc. |
Harper |
| Date of publication, distribution, etc. |
1936 |
| 300 ## - PHYSICAL DESCRIPTION |
| Extent |
xii,324p. |
| 650 ## - SUBJECT ADDED ENTRY--TOPICAL TERM |
| Topical term or geographic name entry element |
Democracy |